00630nam a2200193Ia 4500003000900000008004100009040001300050040001300063100001900076245004100095250001400136260001500150300000800165490000600173700002000179942000700199999001700206952021300223IT-RoPAU120407s9999 xx 000 0 und d aIT-RoPAU cIT-RoPAU aPinchas Lapide aIsraele e Chiesa: camminare insieme? aBrescia  aQueriniana c cm v1 aJurgen Moltmann cBK c10020d10020 00102ddc40604_000000000000000_SPALLA__CG71aPAULUSbPAULUSd2012-04-11l0o04 spalla - CG.r2012-04-11 00:00:00w2012-04-11yBKzInserito da: Valentino In data: n.d. fondo: Fanella - Valentino Progr:15934